<?xml version="1.0" encoding="UTF-8"?>
<collection xmlns="http://www.loc.gov/MARC21/slim">
 <record>
  <leader>00713cam a2200205 7i4500</leader>
  <controlfield tag="001">0000004144</controlfield>
  <controlfield tag="005">20020402090000.0</controlfield>
  <datafield tag="020" ind1="0" ind2="0">
   <subfield code="a">9251008248 </subfield>
  </datafield>
  <datafield tag="035" ind1="0" ind2="0">
   <subfield code="a">0073-56160</subfield>
  </datafield>
  <datafield tag="090" ind1="0" ind2="0">
   <subfield code="a">SH 1 </subfield>
   <subfield code="b">F22 no.120</subfield>
  </datafield>
  <datafield tag="100" ind1="1" ind2="0">
   <subfield code="a">Jhingran </subfield>
  </datafield>
  <datafield tag="245" ind1="1" ind2="0">
   <subfield code="a">Synopsis of biological data on the mrigal Cirrhinus mrigala (Hamilton, 1822)  </subfield>
   <subfield code="c">prepared by V.G. Jhingran and H.A. Khan.</subfield>
  </datafield>
  <datafield tag="260" ind1="0" ind2="0">
   <subfield code="a">Rome: </subfield>
   <subfield code="b">FAO, </subfield>
   <subfield code="c">1979.</subfield>
  </datafield>
  <datafield tag="300" ind1="#" ind2="#">
   <subfield code="a">78p: </subfield>
   <subfield code="b">ill; </subfield>
   <subfield code="c">27cm.</subfield>
  </datafield>
  <datafield tag="490" ind1="0" ind2="0">
   <subfield code="a">FAO fisheries synopsis ; no.120</subfield>
  </datafield>
  <datafield tag="650" ind1="0" ind2="0">
   <subfield code="a">Freshwater fishes. </subfield>
  </datafield>
  <datafield tag="650" ind1="0" ind2="0">
   <subfield code="a">Fish-culture. </subfield>
  </datafield>
  <datafield tag="700" ind1="1" ind2="1">
   <subfield code="a">Khan, </subfield>
   <subfield code="h">H. A. </subfield>
  </datafield>
  <datafield tag="810" ind1="2" ind2="0">
   <subfield code="a">Food and Agriculture Organization of the United Nation FAO fisheries synopsis no. 120</subfield>
  </datafield>
  <datafield tag="999" ind1=" " ind2=" ">
   <subfield code="a">1900040382</subfield>
   <subfield code="b">Book</subfield>
   <subfield code="c">Open Shelf</subfield>
   <subfield code="e">KOLEKSI TERBUKA</subfield>
  </datafield>
 </record>
</collection>
